ၵႂၢမ်းမၢၼ်ႈ - ၵႂၢမ်းတႆး သွင်ၽႃႇသႃႇ လၢၵ်ႈၸွႆးၵျၢမ်း / (Record no. 26390)

000 -LEADER
fixed length control field 00903nam a22002177a 4500
003 - CONTROL NUMBER IDENTIFIER
control field OSt
005 - DATE AND TIME OF LATEST TRANSACTION
control field 20260128094020.0
008 - FIXED-LENGTH DATA ELEMENTS--GENERAL INFORMATION
fixed length control field 230626b ||||| |||| 00| 0 eng d
040 ## - CATALOGING SOURCE
Transcribing agency SSBUL
041 ## - LANGUAGE CODE
Language code of text/sound track or separate title Shan
082 ## - DEWEY DECIMAL CLASSIFICATION NUMBER
Edition number 23
Classification number 495.9198
100 0# - MAIN ENTRY--PERSONAL NAME
Personal name ပိင်ႇၺႃႇၽေႃးၵ၊
Titles and words associated with a name ၸဝ်ႈသြႃႇလူင်။
245 10 - TITLE STATEMENT
Title ၵႂၢမ်းမၢၼ်ႈ - ၵႂၢမ်းတႆး သွင်ၽႃႇသႃႇ လၢၵ်ႈၸွႆးၵျၢမ်း /
Statement of responsibility, etc. ၶပ်းၶိုင် - မုၵ်ႉၸုမ်းလိၵ်ႈတႆး ဝဵင်းတူၼ်ႈတီး။
260 ## - PUBLICATION, DISTRIBUTION, ETC.
Date of publication, distribution, etc. 2015 ။
300 ## - PHYSICAL DESCRIPTION
Extent 167 ၼႃႈ၊
Dimensions 21 ၸိၼ်ႇတီႇ။
500 ## - GENERAL NOTE
General note S-SAT: Dr. Prof Sai Aung Tun
650 ## - SUBJECT ADDED ENTRY--TOPICAL TERM
Topical term or geographic name entry element ၵႂၢမ်းတႆး - ၵႂၢမ်းမၢၼ်ႈ
942 ## - ADDED ENTRY ELEMENTS (KOHA)
Koha item type Books (Long term)
100 0# - MAIN ENTRY--PERSONAL NAME
9 (RLIN) 26828
650 ## - SUBJECT ADDED ENTRY--TOPICAL TERM
9 (RLIN) 26829
Source of classification or shelving scheme
Source of classification or shelving scheme
Holdings
Withdrawn status Lost status Source of classification or shelving scheme Damaged status Not for loan Collection Code Permanent Location Current Location Shelving location Date acquired Total Checkouts Full call number Barcode Date last seen Price effective from Koha item type Accession Date last checked out
          Tai Collection Shan State Buddhist University Library Shan State Buddhist University Library Tai Shelves 27/06/2023   495.9198 ပိင်ႇ ႕႕ SH00000055 27/06/2023 27/06/2023 Books (Long term) ႕႕  
          Special Collections Shan State Buddhist University Library Shan State Buddhist University Library Special Collection Shelves 27/06/2023 1 495.9198 ပိင်ႇ ႒႓႖႓ S-SAT SH00002363 18/09/2024 27/06/2023 Books (Long term) ႒႓႖႓ S-SAT 09/09/2024

Library - 09407999929
Admin Office - 09407999979
Dean Office - 09250910768
Registrar Office - 09892297154
Email - [email protected]
Shan State Buddhist University, Phaya Phyu Taunggyi, Shan State, Myanmar.